Every Country to win an Olympic Medal: Baseball & Softball - Statistics

General Stats
  • This quiz has been taken 26 times
  • The average score is 9 of 12
Answer Stats
Sport # of Medals Country % Correct
Baseball 4 USA
100%
Softball 5 USA
100%
Softball 1 Canada
91%
Baseball 4 Japan
87%
Softball 4 Japan
87%
Baseball 5 Cuba
83%
Softball 1 China
70%
Baseball 1 Australia
65%
Softball 4 Australia
65%
Baseball 1 Dominican Republic
65%
Baseball 2 South Korea
57%
Baseball 1 Chinese Taipei
9%
No matching quizzes found
Score Distribution
Percent of People with Each Score
Percentile by Number Answered
Your Score History
You have not taken this quiz